书目信息 |
| 题名: |
精益营销第一课
|
|
| 作者: | 杨泽 著 | |
| 分册: | ||
| 出版信息: | 北京 电子工业出版社 2018 |
|
| 页数: | 14,190页 | |
| 开本: | 24cm | |
| 丛书名: | ||
| 单 册: | ||
| 中图分类: | F713.36 | |
| 科图分类: | ||
| 主题词: | 电子商务 | |
| 电子资源: | ||
| ISBN: | 978-7-121-32487-1 | |
| 000 | 00822nam0 2200241 450 | |
| 001 | 012001001597 | |
| 005 | 20140921103355.0 | |
| 010 | @a978-7-121-32487-1@dCNY59.00 | |
| 100 | @a20180217d2018 em y0chiy50 ea | |
| 101 | 0 | @achi |
| 102 | @aCN@b110000 | |
| 105 | @aa z 000yy | |
| 106 | @ar | |
| 200 | 1 | @a精益营销第一课@9jing yi ying xiao di yi ke@e产品冷启动@f杨泽著 |
| 210 | @a北京@c电子工业出版社@d2018 | |
| 215 | @a14,190页@c图@d24cm | |
| 330 | @a本书对脉脉、摩拜、ofo、知乎、得到、分答、小米手机、锤子手机、vivo、OPPO、滴滴、褚橙、快看漫画、映客等知名企业案例进行分析,为我们阐述了初创项目高效开展营销背后的基本逻辑。 | |
| 510 | 1 | @aLean marketing@zeng |
| 606 | 0 | @a电子商务 |
| 690 | @aF713.36@v5 | |
| 701 | 0 | @a杨泽@9yang ze@4著 |
| 801 | 0 | @aCN@b上海新华@c20180901 |
| 905 | @b1156680-4@dF713.36@e1046@f5 | |
| 精益营销第一课:产品冷启动/杨泽著.-北京:电子工业出版社,2018 |
| 14,190页:图;24cm |
| ISBN 978-7-121-32487-1:CNY59.00 |
| 本书对脉脉、摩拜、ofo、知乎、得到、分答、小米手机、锤子手机、vivo、OPPO、滴滴、褚橙、快看漫画、映客等知名企业案例进行分析,为我们阐述了初创项目高效开展营销背后的基本逻辑。 |
| ● |
| 相关链接 |
|
|
|
|
正题名:精益营销第一课
索取号:F713.36/1046
 
预约/预借
| 序号 | 登录号 | 条形码 | 馆藏地/架位号 | 状态 | 备注 |
| 1 | 1156680 | 211566802 | 第一样本阅览室/ [索取号:F713.36/1046] | 在馆 | |
| 2 | 1156681 | 211566811 | 第一借阅区/ [索取号:F713.36/1046] | 在馆 | |
| 3 | 1156682 | 211566820 | 密集书库-海洋学院/ [索取号:F713.36/1046] | 在馆 | |
| 4 | 1156683 | 211566839 | 第一借阅区/ [索取号:F713.36/1046] | 在馆 | |
| 5 | 1156684 | 211566848 | 第一借阅区/ [索取号:F713.36/1046] | 在馆 |